"Keeping faith, losing faith" (Record no. 692184)

MARC details
000 -LEADER
fixed length control field 00853nam a2200277Ia 4500
003 - CONTROL NUMBER IDENTIFIER
control field OSt
005 - DATE AND TIME OF LATEST TRANSACTION
control field 20220927105354.0
008 - FIXED-LENGTH DATA ELEMENTS--GENERAL INFORMATION
fixed length control field 220926b |||||||| |||| 00| 0 eng d
020 ## - INTERNATIONAL STANDARD BOOK NUMBER
International Standard Book Number 9780822367024
037 ## - SOURCE OF ACQUISITION
Terms of availability Reference Collections
040 ## - CATALOGING SOURCE
Original cataloging agency RTL
Transcribing agency RTL
Language of cataloging eng
041 ## - LANGUAGE CODE
Source of code eng
Language code of text/sound track or separate title eng
100 ## - MAIN ENTRY--PERSONAL NAME
Personal name Bateman Bradley
9 (RLIN) 372039
245 #0 - TITLE STATEMENT
Title "Keeping faith, losing faith"
Remainder of title Religious belief and political economy
260 ## - PUBLICATION, DISTRIBUTION, ETC.
Place of publication, distribution, etc. Durham
Name of publisher, distributor, etc. Duke University Press
Date of publication, distribution, etc. 2008
300 ## - PHYSICAL DESCRIPTION
Extent "viii, 369p"
Dimensions cm.
490 ## - SERIES STATEMENT
Series statement "History of Political Economy, 40"
500 ## - GENERAL NOTE
General note Bibliography chapterwise
700 ## - ADDED ENTRY--PERSONAL NAME
Personal name Banzhaf H. Spencer
9 (RLIN) 372040
942 ## - ADDED ENTRY ELEMENTS (KOHA)
Classification part "XoaQ, P8"
Koha item type
Holdings
Withdrawn status Lost status Damaged status Not for loan Home library Current library Date acquired Total Checkouts Full call number Barcode Date last seen Price effective from Koha item type
        Ratan Tata Library Ratan Tata Library 2022-09-27   "XoaQ P8" RT1361323 2022-09-27 2022-09-27  
Copyright @ Delhi University Library System